| Tag |
First Indicator |
Second Indicator |
Subfields |
| LEADER |
00000cam a2200000 i 4500 |
| 001 |
in00004012821 |
| 005 |
20201128065254.0 |
| 006 |
m o d f |
| 007 |
cr bn||||||||| |
| 008 |
160311s1955 dcu ob f000 0 eng c |
| 019 |
|
|
|a 953290018
|
| 035 |
|
|
|a (OCoLC)ocn944376822
|
| 040 |
|
|
|a OCLCE
|b eng
|e rda
|e pn
|c OCLCE
|d OCLCO
|d OCLCQ
|d COP
|d OCLCF
|d OCLCQ
|d OCLCA
|d GPO
|d MvI
|d UtOrBLW
|
| 042 |
|
|
|a pcc
|
| 043 |
|
|
|a n-us-mt
|
| 049 |
|
|
|a WWW
|
| 074 |
|
|
|a 0620-A (online)
|
| 086 |
0 |
|
|a I 19.4/2:355
|
| 100 |
1 |
|
|a Smith, Howard R.,
|d 1925-2016
|e author.
|0 http://id.loc.gov/authorities/names/no2016030597
|
| 245 |
1 |
0 |
|a Records of wells drilled for oil and gas in Montana, June 1, 1951 through December 31, 1953 /
|c Howard R. Smith.
|
| 264 |
|
1 |
|a Washington, D.C. :
|b United States Department of the Interior, Geological Survey,
|c 1965.
|
| 300 |
|
|
|a 1 online resource (43 pages).
|
| 336 |
|
|
|a text
|b txt
|2 rdacontent
|
| 337 |
|
|
|a computer
|b c
|2 rdamedia
|
| 338 |
|
|
|a online resource
|b cr
|2 rdacarrier
|
| 490 |
1 |
|
|a Geological Survey circular ;
|v 355
|
| 588 |
|
|
|a Description based on online resource; title from PDF title page (USGS viewed Aug. 28, 2018).
|
| 500 |
|
|
|a "Prepared as part of a program of the Department of the Interior for development of the Missouri River Basin."
|
| 504 |
|
|
|a Includes bibliographical references.
|
| 650 |
|
0 |
|a Oil wells
|z Montana.
|
| 650 |
|
0 |
|a Gas wells
|z Montana.
|
| 650 |
|
0 |
|a Natural gas
|z Montana.
|
| 650 |
|
0 |
|a Petrology
|z Montana.
|
| 651 |
|
0 |
|a Montana.
|0 http://id.loc.gov/authorities/names/n80010207
|
| 651 |
|
0 |
|a Missouri River Watershed.
|0 http://id.loc.gov/authorities/subjects/sh93001179
|
| 650 |
|
7 |
|a Gas wells.
|2 fast
|0 (OCoLC)fst00938462
|
| 650 |
|
7 |
|a Natural gas.
|2 fast
|0 (OCoLC)fst01034049
|
| 650 |
|
7 |
|a Oil wells.
|2 fast
|0 (OCoLC)fst01044913
|
| 650 |
|
7 |
|a Petrology.
|2 fast
|0 (OCoLC)fst01059885
|
| 651 |
|
7 |
|a Montana.
|2 fast
|0 (OCoLC)fst01207555
|
| 710 |
2 |
|
|a Geological Survey (U.S.),
|e issuing body.
|0 http://id.loc.gov/authorities/names/n80092173
|
| 776 |
0 |
8 |
|i Print version:
|a Smith, Howard R., 1925-.
|t Records of wells drilled for oil and gas in Montana, June 1, 1951 through December 31, 1953
|w (OCoLC)16969611
|
| 830 |
|
0 |
|a Geological Survey circular ;
|v 355.
|0 http://id.loc.gov/authorities/names/n42012101
|
| 856 |
4 |
0 |
|u https://purl.fdlp.gov/GPO/gpo108136
|t 0
|
| 999 |
f |
f |
|s 8ffdf577-463b-30cc-883e-aa807f98f7d5
|i 6a10bcf6-8d96-3f46-a1b4-2547125a32d4
|t 0
|
| 952 |
f |
f |
|a Texas A&M University
|b College Station
|c Electronic Resources
|d Available Online
|t 0
|e I 19.4/2:355
|h Superintendent of Documents classification
|
| 998 |
f |
f |
|a I 19.4/2:355
|t 0
|l Available Online
|